The use of benchmarking in business management : dissertation thesis /

Hlavní autor: Zemanová, Barbora
Korporativní autor: Univerzita Pardubice. Ústav ekonomie a managementu
Jazyk: Angličtina
Vydáno: Pardubice : University of Pardubice, 2012
Edice: Dissertation thesis
Témata:
Fyzický popis: 33 s. : il. ; 21 cm
Knihy
Uloženo v:
LEADER 01832nam a2200481 a 4500
001 nkc20122396603
003 CZ PrNK
005 20121105105142.0
007 ta
008 120910s2012 xr a f m 000 0 eng
015 |a cnb002396603 
020 |a 978-80-7395-529-8  |q (brož.) 
035 |a (OCoLC)817049798 
040 |a OLA001  |b cze  |d BOA001 
072 7 |a 005  |x Management. Řízení  |2 Konspekt  |9 4 
080 |a 005.642.1  |2 MRF 
080 |a 658  |2 MRF 
080 |a (043.3)  |2 MRF 
080 |a (048.3)  |2 MRF 
100 1 |a Zemanová, Barbora  |7 ola2012723690  |4 dis 
245 1 4 |a The use of benchmarking in business management :  |b dissertation thesis /  |c author Barbora Jetmarová 
260 |a Pardubice :  |b University of Pardubice,  |c 2012 
300 |a 33 s. :  |b il. ;  |c 21 cm 
490 1 |a Dissertation thesis 
500 |a Nad názvem: University of Pardubice, Faculty of Economics and Administration, Institute of Business Economics and Management 
502 |a Teze disertační práce (Ph.D.)--Univerzita Pardubice, Fakulta ekonomicko-správní, 2012 
504 |a Obsahuje bibliografie 
650 0 7 |a benchmarking  |7 ph174181  |2 czenas 
650 0 7 |a podnikový management  |7 ph115763  |2 czenas 
650 0 9 |a benchmarking (management)  |2 eczenas 
650 0 9 |a industrial management  |2 eczenas 
655 7 |a disertace  |7 fd132024  |2 czenas 
655 7 |a teze  |7 fd133701  |2 czenas 
655 9 |a dissertations  |2 eczenas 
655 9 |a abstracts  |2 eczenas 
710 2 |a Univerzita Pardubice.  |b Ústav ekonomie a managementu  |7 kn20071210002 
810 2 |a Univerzita Pardubice.  |t Dissertation theses  |0 s 
910 2 |a BOA001  |b 2-1290.808 
928 9 |a Univerzita Pardubice 
990 |a BK 
995 |a 01 
991 |b 201210  |c NOV  |e n 
996 6 |b 2610524459  |c 2-1290.808  |l MZK  |r Sklad / do 1 hodiny  |n 4  |p p.v.  |w 001287494  |u 000010  |a 1  |e BOA001  |j MZK50  |s P